Online
Catalog

Sor Monika : (Record no. 56946)

MARC details
000 -CABECERA
campo de control de longitud fija 02678nam a2200313 i 4500
003 - IDENTIFICADOR DEL NÚMERO DE CONTROL
campo de control DO-SdBNP
005 - FECHA Y HORA DE LA ÚLTIMA TRANSACCIÓN
campo de control 20240624150204.0
007 - CAMPO FIJO DE DESCRIPCIÓN FÍSICA--INFORMACIÓN GENERAL
campo de control de longitud fija ta
008 - DATOS DE LONGITUD FIJA--INFORMACIÓN GENERAL
campo de control de longitud fija 240624s1986 sp 000 j spa d
020 ## - NÚMERO INTERNACIONAL ESTÁNDAR DEL LIBRO
Número Internacional Estándar del Libro 8472233499
040 ## - FUENTE DE LA CATALOGACIÓN
Centro catalogador/agencia de origen DO-SdBNP
Lengua de catalogación spa
Centro/agencia transcriptor BNPHU
Normas de descripción rda
082 ## - NÚMERO DE LA CLASIFICACIÓN DECIMAL DEWEY
Número de documento/Ítem H711
Número de edición 22
100 ## - ENTRADA PRINCIPAL--NOMBRE DE PERSONA
Nombre de persona Hoffmann, E.T.A,
Fechas asociadas al nombre 1766-1822
9 (RLIN) 44252
Término indicativo de función/relación autor
Forma completa/desarrollada del nombre Ernst Theodor Amadeus
240 ## - TÍTULO UNIFORME
Título uniforme Schwester Monika
245 10 - MENCIÓN DE TÍTULO
Título Sor Monika :
Resto del título documento filantropínico-filantrópico-físico-psico-erótico del Convento Secular de X. en S... /
Mención de responsabilidad, etc. E.T.A. Hoffmann ; prólogo de André Pieyre de Mandiargues ; traducción de Jordi Jané
264 #1 - PRODUCCIÓN, PUBLICACIÓN, DISTRIBUCIÓN, FABRICACIÓN Y COPYRIGHT
Producción, publicación, distribución, fabricación y copyright Barcelona, España :
Nombre del de productor, editor, distribuidor, fabricante TusQuets editores,
Fecha de producción, publicación, distribución, fabricación o copyright 1986.
300 ## - DESCRIPCIÓN FÍSICA
Extensión 176 páginas,
Dimensiones 20 cm.
336 ## - TIPO DE CONTENIDO
Fuente rdacontent
Término de tipo de contenido texto
Código de tipo de contenido txt
337 ## - TIPO DE MEDIO
Fuente rdamedia
Nombre/término del tipo de medio sin mediación
Código del tipo de medio n
338 ## - TIPO DE SOPORTE
Fuente rdacarrier
Nombre/término del tipo de soporte volumen
Código del tipo de soporte nc
490 1# - MENCIÓN DE SERIE
Mención de serie La sonrisa vertical
-- Erótica
Designación de volumen o secuencia 46
500 ## - NOTA GENERAL
Nota general Sinopsis de Sor Monika<br/>Más de ciento cincuenta años han empleado los filólogos y especialistas alemanes en dilucidar la auténtica paternidad de esta intensa novela erótica, publicada por primera vez en 1815. Por fin, la inmensa mayoría de ellos coincide en otorgársela, de forma definitiva y concluyente, al gran escritor romántico alemán E.T.A. Hoffmann.
520 ## - SUMARIO, ETC.
Sumario, etc. Poca gente, en España, ha tenido la suerte de disfrutar de los encantos provocativos de Sor Monika y las monjitas que con ella conviven, y pocos, también, el poder dejarse arrastrar por la imaginación y la fantasía desbordantes que emanan de cada página de este libro. Y es que, además de la teología, la música o el humanismo presentes en el libro, componentes característicos de la personalidad de E.T.A. Hoffmann, lo que verdaderamente importa, lo que se impone ya desde la primera página, es una alegría, un desenfado que va a impregnar todos y cada uno de los actos de los personajes dotándolos de un trepidante ritmo. Como dice André Pieyre de Mandiargues, el famoso escritor francés, emparentado tan de cerca con la literatura erótica, en el prólogo a esta edición : «Vertiginoso es el tiempo de las novelas rosas, secuencia de cortos momentos de incandescencia en los que se ilumina una hermosa boca entreabierta, hermosos pechos desnudos, un hermoso vientre liso, una hermosa grupa a punto de recibir las vergas, hermosos muslos separados, tan rápidamente y con tantos cambios de manos y de poses que la atención se diluye y de realista no queda estrictamente nada».
590 ## - NOTA LOCAL (RLIN)
Nota local Inventariado, 2024/ YL
700 1# - PUNTO DE ACCESO ADICIONAL--NOMBRE DE PERSONA
Nombre de persona Pieyre de Mandiargues, André
Término indicativo de función/relación prólogo
9 (RLIN) 52625
700 1# - PUNTO DE ACCESO ADICIONAL--NOMBRE DE PERSONA
Nombre de persona Jané, Jordi
Término indicativo de función/relación traducción
9 (RLIN) 85772
910 ## - DATOS DE OPCIÓN DEL USUARIO (OCLC)
Datos de opción del usuario YLockward
942 ## - ELEMENTOS DE PUNTO DE ACCESO ADICIONAL (KOHA)
Fuente del sistema de clasificación o colocación Dewey Decimal Classification
Tipo de ítem Koha Libro
Holdings
Estado de retiro Estado de pérdida Fuente del sistema de clasificación o colocación Restricciones de uso No para préstamo Código de colección Localización permanente Ubicación/localización actual Ubicación en estantería Fecha de adquisición Fuente de adquisición Total de préstamos Signatura topográfica completa Código de barras Fecha visto por última vez Precio válido a partir de Tipo de ítem Koha
    Dewey Decimal Classification Préstamo en sala   General Biblioteca Nacional Pedro Henríquez Ureña Biblioteca Nacional Pedro Henríquez Ureña En catalogación 02.06.2008 Donación   H711 2024-3676 24.06.2024 24.06.2024 Libro

Powered by Koha